Nové skupiny biosenzorov aplikované v diagnostike vybraných ochorení formou tetovania

Saved in:
Bibliographic Details
Main Author: Petrovičová, Nina (Author)
Other Authors: Mackuľak, Tomáš (Thesis advisor)
Format: Manuscript Book
Language:Slovak
Published: 2025
Subjects:
Online Access:http://is.stuba.sk/zp/portal_zp.pl?podrobnosti=178705
Tags: Add Tag
No Tags, Be the first to tag this record!

MARC

LEADER 00000ntm a22000003a 4500
001 stuzp91617
003 SK-STU
005 20250816210322.7
007 ta
008 150427s2015----xo-----f-mn---000-0-slo-d
040 |a STU  |b slo 
041 0 |a slo 
100 1 |a Petrovičová, Nina  |u 046290  |k Z4  |4 aut  |U FCHPT Ústav chemického a environmentálneho inžinierstva  |T FCHPT Oddelenie environmentálneho inžinierstva  |X 82621  |U C6290  |Y 120  |7 82621 
242 0 1 |a New groups of biosensors applied in the diagnosis of selected diseases in the form of tattoos  |y eng 
245 1 0 |a Nové skupiny biosenzorov aplikované v diagnostike vybraných ochorení formou tetovania 
260 |c 2025 
650 4 |a tetovacie biosenzory  |2 slo 
650 4 |a PEGDA mikročastice  |2 slo 
650 4 |a fluoresceín  |2 slo 
650 4 |a aptamér CSS.1  |2 slo 
650 4 |a kortizol  |2 slo 
650 4 |a pH senzor  |2 slo 
650 4 |a optická detekcia  |2 slo 
650 4 |a biokompatibilita  |2 slo 
650 4 |a tattoo biosensors  |2 eng 
650 4 |a biocompatibility  |2 eng 
650 4 |a PEGDA microparticles  |2 eng 
650 4 |a Fluoresceine  |2 eng 
650 4 |a CSS.1 aptamer  |2 eng 
650 4 |a cortisol  |2 eng 
650 4 |a pH sensor  |2 eng 
650 4 |a optical detection  |2 eng 
700 1 |a Mackuľak, Tomáš  |u 046290  |k Z1  |4 ths  |U FCHPT Ústav chemického a environmentálneho inžinierstva  |T FCHPT Oddelenie environmentálneho inžinierstva  |X 25433  |U C6290  |Y 120  |7 A000025433 
856 4 |u http://is.stuba.sk/zp/portal_zp.pl?podrobnosti=178705